|
|
|
|
| LEADER |
00592nam a22001811a 4500 |
| 020 |
|
|
|c 0.00
|
| 040 |
|
|
|a SSUS - Library - Kalady
|
| 082 |
|
|
|a 370.15
|b SIT/A
|
| 100 |
|
|
|a Sitaram Jayaswal
|
| 245 |
|
|
|a Advanced educational psychology
|h [Text]
|
| 260 |
|
|
|a Agra
|b Vinod Pusthak Mandir
|
| 300 |
|
|
|a 615p.
|
| 600 |
|
|
|a Education
|
| 600 |
|
|
|a Psychology Education
|
| 852 |
|
|
|h 370.15
|i SIT/A
|p 051676
|9 100.00
|t 0
|
| 942 |
|
|
|c BK
|
| 999 |
|
|
|c 1097
|d 1097
|
| 952 |
|
|
|0 0
|1 0
|4 0
|6 370_150000000000000_SIT_A
|7 0
|9 1767
|a SSUS
|b SSUS
|d 2015-01-08
|g 100.00
|l 2
|o 370.15 SIT/A
|p 051676
|r 2018-12-21
|s 2018-12-18
|v 0.00
|w 2015-01-08
|y BK
|